000 00904nam a22002897a 4500
001 BR8005970
003 BR-BrBNA
005 20230928090756.0
007 ta
008 230509b bl.||||| |||| 00| 0 por d
040 _aBR-BrBNA
_bpor
_cBiblioteca Nacional de Agricultura
041 _a(Por)
072 _aE10
_b/G514
090 _ E10 BR8005970
110 1 _aSecretaria de Planejamento da Presidencia da Republica, Brasilia, DF (Brasil)
_99009
245 1 _aAnalise da politica economica nacional [Politica agricola; Custo de vida; Inflacao; Investimento; Balanca de pagamento; Brasil]
260 3 _aBrasilia, DF (Brasil):
_c1980.
300 _a33 p.
650 _aPOLITICA ECONOMICA
650 _aPOLITICA AGRICOLA
650 _aCUSTO DE VIDA
650 _aINFLACAO
650 _aINVESTIMENTO
650 _aBALANCO DE PAGAMENTO
909 _a202309
_bLucia
_c55
_dLucia Elande
942 _cBK
999 _c30468
_d30468